书目信息 |
| 题名: |
墨家文化的传播
|
|
| 作者: | 高卫华 著 | |
| 分册: | ||
| 出版信息: | 北京 中国社会科学出版社 2011.12 |
|
| 页数: | 299页 | |
| 开本: | 21cm | |
| 丛书名: | ||
| 单 册: | ||
| 中图分类: | B224.5 | |
| 科图分类: | ||
| 主题词: | 墨家--文化传播--研究 | |
| 电子资源: | ||
| ISBN: | 978-7-5161-0422-4 | |
| 000 | 01117nam0 2200253 45 | |
| 001 | 1360517468 | |
| 005 | 20130531095935.68 | |
| 010 | @a978-7-5161-0422-4@dCNY35.00 | |
| 100 | @a20130513d2011 em y0chiy0121 ea | |
| 101 | 0 | @achi |
| 102 | @aCN@b110000 | |
| 105 | @ay a 000yy | |
| 106 | @ar | |
| 200 | 1 | @a墨家文化的传播@AMo Jia Wen Hua De Chuan Bo@f高卫华著@FGao Wei Hua Zhu |
| 210 | @a北京@c中国社会科学出版社@d2011.12 | |
| 215 | @a299页@d21cm | |
| 300 | @a本书获中南民族大学民族文化传播研究学术团队经费资助 | |
| 320 | @a有书目 | |
| 330 | @a本书从兼爱、尚同、尚贤、非攻、巧传、修身、节用、论辩等八个方面, 阐释墨家的政治观、人才观、军事观、教育观、经济策略以及谈说论辩等系统理论, 既注重梳理墨家思想文化脉络, 又注重对儒道墨等各学派内在本质的串联, 辅以中国史料, 问以现代观念的连接, 说古论今, 深入浅出, 融知识性与思辨性为 体, 对中国传统文化进行……种以墨家思想为中心的辐射式贳通传播, 传承中国古代思想家的智慧, 弘扬光大中国传统文化精粹。 | |
| 606 | 0 | @a墨家@x文化传播@x研究 |
| 690 | @aB224.5@v5 | |
| 701 | 0 | @a高卫华@AGao Wei Hua@4著 |
| 801 | @aCN@bTANGWEI@c20130522 | |
| 905 | @b0834575-77@dB224.5@e443@f3 | |
| 墨家文化的传播/高卫华著.-北京:中国社会科学出版社,2011.12 |
| 299页;21cm |
| 本书获中南民族大学民族文化传播研究学术团队经费资助 |
| ISBN 978-7-5161-0422-4:CNY35.00 |
| 本书从兼爱、尚同、尚贤、非攻、巧传、修身、节用、论辩等八个方面, 阐释墨家的政治观、人才观、军事观、教育观、经济策略以及谈说论辩等系统理论, 既注重梳理墨家思想文化脉络, 又注重对儒道墨等各学派内在本质的串联, 辅以中国史料, 问以现代观念的连接, 说古论今, 深入浅出, 融知识性与思辨性为 体, 对中国传统文化进行……种以墨家思想为中心的辐射式贳通传播, 传承中国古代思想家的智慧, 弘扬光大中国传统文化精粹。 |
| ● |
| 相关链接 |
|
|
|
|
正题名:墨家文化的传播
索取号:B224.5/443
 
预约/预借
| 序号 | 登录号 | 条形码 | 馆藏地/架位号 | 状态 | 备注 |
| 1 | 0834575 | 208345753 | 第一样本阅览室/ [索取号:B224.5/443] | 在馆 | |
| 2 | 0834576 | 208345762 | 第一借阅区/ [索取号:B224.5/443] | 在馆 | |
| 3 | 0834577 | 208345771 | 第一借阅区/ [索取号:B224.5/443] | 在馆 |